000 00470nam a2200169Ia 4500
999 _c30626
_d30626
003 OSt
005 20200806104447.0
008 190216s9999||||xx |||||||||||||| ||und||
040 _coclc
082 _a515.63
_bLAS/V
100 _aLass, Harry
_93998
245 0 _aVector And Tensor Analysis /
_cHarry Lass
260 _bMcgraw -hill,
_c1950.
_aTokyo:
300 _a413p
650 _aMathematics
942 _cBK
_2ddc
_h515.63
_iLAS/V
_k515.63
_mLAS/V